000 00808nam a2200241 u 4500
001 61266
005 20180714062829.0
008 140612s2009 sp r 000 0 spa d
020 _a978-84-8428-4437
082 0 _a302.235012
_bTRU
100 1 _aTruby, John
_eautor
245 1 0 _aAnatomía del guión :
_bel arte de narrar en 22 pasos /
_cJohn Truby ; traducción Elena Villalonga Serra.
250 _aPrimera edición
264 1 _aEspaña :
_bAlba Editorial,
_c2009
300 _a524 páginas ;
_c22 cm.
336 _atexto
_2rdacontent
337 _asin mediación
_2rdamedia
338 _avolume
_2rdacarrier
650 0 _aArgumentos, [Drama, novela, etc.]
650 0 _aGuíones cinematográficos
_xTecnología
650 0 _aCine
700 1 _aVillalonga Serrat, Elena
_etraductor
999 _c61266
_d61266